Изучение износа и смазки методом электронной диффракции (Запись № 6184458)

Подробности
000 -МАРКЕР
контрольное поле 01256nam0a22002651 4500
001 - ИДЕНТИФИКАТОР ЗАПИСИ
контрольное поле rc\2898878
005 - ИДЕНТИФИКАТОР ВЕРСИИ
контрольное поле 20250529220237.0
035 ## - ДРУГИЕ СИСТЕМНЫЕ НОМЕРА
Идентификатор записи (NLR Aleph) 007050346
100 ## - ДАННЫЕ ОБЩЕЙ ОБРАБОТКИ
Данные общей обработки 20110729f19301939|||y0rusy50 ca
101 0# - ЯЗЫК РЕСУРСА
Язык текста, звукозаписи и т.д. русский
102 ## - СТРАНА ПУБЛИКАЦИИ ИЛИ ПРОИЗВОДСТВА
Страна публикации Российская Федерация
105 ## - ПОЛЕ КОДИРОВАННЫХ ДАННЫХ: ТЕКСТОВЫЕ МАТЕРИАЛЫ, МОНОГРАФИЧЕСКИЕ
Кодированные данные о монографическом текстовом документе a z |||||
200 1# - ЗАГЛАВИЕ И СВЕДЕНИЯ ОБ ОТВЕТСТВЕННОСТИ
Основное заглавие Изучение износа и смазки методом электронной диффракции
Первые сведения об ответственности Prof. g. J. Finch and Dr. F. Zahoorbux
Последующие сведения об ответственности СССР - Наркомнефть. Гос. нефтяная инспекция. Техн. контора по рационализации использования нефтепродуктов. Бюро технической информации
210 ## - ПУБЛИКАЦИЯ, РАСПРОСТРАНЕНИЕ И ДР.
Место издания, распространения и т.д. [Москва]
Имя издателя, распространителя и т. д. Б. и.
Дата издания, распространения и т.д. [193?]
215 ## - ФИЗИЧЕСКАЯ ХАРАКТЕРИСТИКА
Специфическое обозначение материала и объем 6 с., in recto, 1 л. с фотоснимками
Другие сведения о физической характеристике фотоснимки
Размеры 34 см
300 ## - ОБЩИЕ ПРИМЕЧАНИЯ
Текст примечания Без тит. л. Описано по 1-й с. текста
300 ## - ОБЩИЕ ПРИМЕЧАНИЯ
Текст примечания Из: The Institution of Mechanical Engineers Proceedings of the general discussion on lubrication and lubricants. October, 1937, London
700 #1 - ИМЯ ЛИЦА - ПЕРВИЧНАЯ ОТВЕТСТВЕННОСТЬ
Начальный элемент ввода Финч
Часть имени, кроме начального элемента ввода Г.
701 #1 - ИМЯ ЛИЦА - АЛЬТЕРНАТИВНАЯ ОТВЕТСТВЕННОСТЬ
Начальный элемент ввода Zahoorbux
Часть имени, кроме начального элемента ввода F.
801 #0 - ИСТОЧНИК ЗАПИСИ
Страна Российская Федерация
Организация NLR
Правила каталогизации psbo
801 #1 - ИСТОЧНИК ЗАПИСИ
Страна Российская Федерация
Организация ELAR
Источник данных rusmarc
852 ## - МЕСТОНАХОЖДЕНИЕ И ШИФР ХРАНЕНИЯ
Идентификатор организации NLR
Шифр хранения (Call Number) 40-13/203
942 ## - ДОПОЛНИТЕЛЬНЫЕ ЭЛЕМЕНТЫ ЗАПИСИ (АБИС)
Тип экземпляра АБИС Книга
980 ## - КОЛЛЕКЦИЯ
Название коллекции Национальная библиография
Экземпляры
Тип экземпляра Дата поступления Библиотека постоянного хранения Библиотека текущего хранения Место хранения Шифр хранения Штрих-код Статус экземпляра
Книга 26.10.2013 РНБ (Садовая) РНБ (Садовая) Русский книжный фонд -Главное здание, Ленинский читальный зал 40-13/203 7050346-10